=LDR 00000nam 2200000 4500 =001 001021 =005 20250712030608 =035 ##$$a 0010-0725000900 =007 ta =008 250712################a##########0#ind## =020 ##$$a 978-623-307-447-6 =082 ##$$a 398.209 598 =084 ##$$a 398.209 598 VIT t =100 #$$a Vitina krishna =245 1#$$a Tuuut... tuuut! /$c Vituna krishna =250 ##$$a Cetakan pertama =260 ##$$a Rawamangun :$b Badan pengembangan dan pembinaan bahasa,$c 2022 =300 ##$$a 16hlm. : $b Ilus. ; $c 29cm =650 #4$$a Cerita anak indonesia-terjemahan